Handbook of entrepreneurship research (Registro nro. 307123)

Detalles MARC
000 -ENCABEZADO
Número de control [NR] 01134nmm a22002895u 4500
005 - FECHA Y HORA DE LA ÚLTIMA TRANSACCIÓN
control field 20170914115346.0
008 - DE LONGITUD FIJA DE DATOS DE ELEMENTOS - INFORMACIÓN GENERAL
Elementos de longitud fija [NR] 170831s2013 xxu r j eng d
020 ## - NUMERO INTERNACIONAL NORMALIZADO PARA LIBROS [R]
Número Internacional Normalizado del libro [NR] 9780387245195
040 ## - FUENTE DE CATALOGACION [NR]
Agencia de catalogación original [NR] CO-BoUCM
Idioma de catalogación [NR] spa
Quien Cataloga Sandra Palacio
Quien Clasifica Sandra Palacio
041 0# - CODIGO DE IDIOMA [R]
Código de idioma para texto/pista de sonido o título separado [R] Inglés
100 1# - ASIENTO PRINCIPAL--NOMBRE PERSONAL [NR]
Nombre personal [NR] Acs, Zoltan J.
ID Autoridad 87035
245 10 - MENCION DE TITULO [NR]
Título [NR] Handbook of entrepreneurship research
Parte restante del título [NR] an interdisciplinary survey and introduction
Mención de responsabilidad, etc. [NR] Zoltan J. Acs, David B. Audretsch, editores
250 ## - MENCION DE EDICION [NR]
Mención de edición [NR] Segunda edición
260 ## - PUBLICACION, DISTRIBUCION, ETC. (PIE DE IMPRENTA) [R]
Lugar de publicación, distribución, etc. [R] Lexington (Kentucky, Estados Unidos)
Nombre del editor, distribuidor, etc. [R] Springer
Fecha de publicación, distribución, etc. [R] 2013
300 ## - DESCRIPCION FISICA [R]
Extensión [R] xxiii, 678 páginas
490 0# - MENCION DE SERIE [R]
Mención de serie [R] International Handbook Series on Entrepreneurship
Designación numérica/secuencial del volumen [NR] 5
650 17 - ASIENTO SECUNDARIO DE MATERIA - TERMINO TEMATICO [R]
Término temático o nombre geográfico como elemento de entrada [NR] Emprendimiento empresarial
9 (RLIN) 14098
650 27 - ASIENTO SECUNDARIO DE MATERIA - TERMINO TEMATICO [R]
Término temático o nombre geográfico como elemento de entrada [NR] Crecimiento endógeno (Economía)
9 (RLIN) 12101
650 27 - ASIENTO SECUNDARIO DE MATERIA - TERMINO TEMATICO [R]
Término temático o nombre geográfico como elemento de entrada [NR] Gestion industrial
9 (RLIN) 16423
650 27 - ASIENTO SECUNDARIO DE MATERIA - TERMINO TEMATICO [R]
Término temático o nombre geográfico como elemento de entrada [NR] Microeconomía
9 (RLIN) 19488
650 27 - ASIENTO SECUNDARIO DE MATERIA - TERMINO TEMATICO [R]
Término temático o nombre geográfico como elemento de entrada [NR] Crecimiento económico
9 (RLIN) 12098
650 27 - ASIENTO SECUNDARIO DE MATERIA - TERMINO TEMATICO [R]
Término temático o nombre geográfico como elemento de entrada [NR] Administración
9 (RLIN) 8524
700 1# - ASIENTO SECUNDARIO - NOMBRE PERSONAL [R]
Nombre personal [NR] Audretsch, David B.
Término de relación [R] editor
9 (RLIN) 87036
710 2# - ASIENTO SECUNDARIO - NOMBRE CORPORATIVO [R]
Nombre corporativo o de jurisdicción como elemento de entrada [NR] SpringerLink (Online service)
Término de relación [R] editor
9 (RLIN) 87037
942 ## - ELEMENTOS DE ENTRADA AGREGADOS (KOHA)
Sistema de clasificación DEWEY
Tipo de ítem principal el descrito en 300a Libro de reserva
Tema principal Administración
Edición 2
Clasificación 658.421
Parte restante de la signatura top. A187ha
Existencias
Signatura topográfica Código de barras Última vez visto Volúmen / Fascículo Ejemplar Costo de reposición Price effective from Tipo de ítem Perdido Sistema de clasificación Dañado No prestable Tipo de ítem específico Suprimido Ubicación habitual Ubicación actual Localización Fecha de creación Proveedor Forma de adquisición Costo
658.421 A187ha 100153913 04/12/2024 2a.Ed. Ej.1 250946.00 24/08/2017 Libro   DEWEY     Libro   Bodega Bodega 5to piso 24/08/2017 15 Compra 250946.00